Pakistan Economic & Social Statistics (Record no. 7050)

MARC details
000 -LEADER
fixed length control field 00392nam a2200145Ia 4500
008 - FIXED-LENGTH DATA ELEMENTS--GENERAL INFORMATION
fixed length control field 230312s9999||||xx |||||||||||||| ||und||
082 ## - DEWEY DECIMAL CLASSIFICATION NUMBER
Classification number 330.154395491
Item number KHU-P
100 ## - MAIN ENTRY--PERSONAL NAME
Personal name Khawaja;Amjad Saeed
245 #0 - TITLE STATEMENT
Title Pakistan Economic & Social Statistics
260 ## - PUBLICATION, DISTRIBUTION, ETC.
Name of publisher, distributor, etc. Institute of business management
Place of publication, distribution, etc. Pakistan
Date of publication, distribution, etc. 2005
300 ## - PHYSICAL DESCRIPTION
Extent 116
546 ## - LANGUAGE NOTE
Language note Eng.
650 ## - SUBJECT ADDED ENTRY--TOPICAL TERM
Topical term or geographic name entry element Economics
Form subdivision Survey
942 ## - ADDED ENTRY ELEMENTS (KOHA)
Koha item type BOOK
Holdings
Withdrawn status Lost status Source of classification or shelving scheme Damaged status Not for loan Home library Current library Date acquired Total Checkouts Full call number Barcode Date last seen Price effective from Koha item type
    Dewey Decimal Classification     Superior Information Resource Center (SIRC) Superior University- Central Library Superior Information Resource Center (SIRC) Superior University- Central Library 03/13/2023   330.154395491 KHU-P 7155 03/13/2023 03/13/2023 BOOK

Powered by Koha